[Event "TUR-chT 2nd League"]
[Site "Konya"]
[Date "2019.07.25"]
[Round "5.9"]
[White "Baspinar, Mehmet"]
[Black "Isik, Burak Alp"]
[Result "1-0"]
[WhiteElo "1577"]
[BlackElo "1599"]
[PlyCount "105"]
[EventDate "2019.07.22"]
[EventType "team-swiss"]
[EventRounds "9"]
[EventCountry "TUR"]
[SourceTitle "CBM 191 Extra"]
[Source "ChessBase"]
[SourceDate "2019.09.30"]
[SourceVersion "1"]
[SourceVersionDate "2019.09.30"]
[SourceQuality "1"]
[WhiteTeam "Karaman Masterler"]
[BlackTeam "Karaman Yunus Ortaokulu"]
[WhiteTeamCountry "TUR"]
[BlackTeamCountry "TUR"]

1. d4 d5 2. Nf3 Nf6 3. e3 e6 4. Bd3 Be7 5. b3 b6 6. Bb2 Bb7 7. Ne5 Nbd7 8. f4 Nxe5 9. fxe5 Ne4 10. 0-0 0-0 11. Bxe4 dxe4 12. Qg4 Bg5 13. Re1 f5 14. Qh3 Qd7 15. g3 Qf7 16. Bc1 Qg6 17. Rf1 Rf7 18. Nc3 Raf8 19. Ne2 h5 20. Nf4 Bxf4 21. exf4 Rd7 22. Be3 Rfd8 23. Rac1 Qg4 24. Qxg4 hxg4 25. h3 gxh3 26. Kh2 Kf7 27. Kxh3 Rh8+ 28. Kg2 c5 29. c3 Ba6 30. Rh1 Rxh1 31. Kxh1 c4 32. Kg2 cxb3 33. axb3 Bd3 34. c4 Kf8 35. Kf2 g6 36. Rh1 Ke7 37. Rh7+ Kd8 38. Rh8+ Kc7 39. Rg8 Rh7 40. Kg1 Rh6 41. d5 exd5 42. cxd5 Be2 43. Rg7+ Kb8 44. e6 Bf3 45. Bd4 Rh1+ 46. Kf2 Rh2+ 47. Ke1 Rh1+ 48. Kd2 Rd1+ 49. Kc3 Rd3+ 50. Kb2 Rxd4 51. e7 Rd2+ 52. Ka3 Rc2 53. e8Q+ 1-0

[Event "TUR-chT 2nd League"]
[Site "Konya"]
[Date "2019.07.23"]
[Round "3.7"]
[White "Turkmen, Yusuf Cagan"]
[Black "Isik, Burak Alp"]
[Result "1-0"]
[WhiteElo "1796"]
[BlackElo "1599"]
[PlyCount "55"]
[EventDate "2019.07.22"]
[EventType "team-swiss"]
[EventRounds "9"]
[EventCountry "TUR"]
[SourceTitle "CBM 191 Extra"]
[Source "ChessBase"]
[SourceDate "2019.09.30"]
[SourceVersion "1"]
[SourceVersionDate "2019.09.30"]
[SourceQuality "1"]
[WhiteTeam "Seyhan Belediye"]
[BlackTeam "Karaman Yunus Ortaokulu"]
[WhiteTeamCountry "TUR"]
[BlackTeamCountry "TUR"]

1. d4 d5 2. Bf4 Nf6 3. e3 e6 4. Nd2 Be7 5. Bd3 b6 6. Ngf3 Bb7 7. Ne5 Nbd7 8. Qf3 c5 9. c3 Rc8 10. Rd1 Bd6 11. Nxf7 Kxf7 12. Bxd6 Re8 13. Be5 Kg8 14. 0-0 Rf8 15. Qh3 Qe7 16. Qh4 Qf7 17. f3 Rfd8 18. g4 Nf8 19. Qg3 Ng6 20. h4 Nd7 21. Bd6 Nf6 22. h5 Ne7 23. h6 g6 24. Be5 Nd7 25. f4 Nc6 26. f5 exf5 27. gxf5 Qe7 28. fxg6 1-0